| 000 | 00554nam a2200217 a 4500 | ||
|---|---|---|---|
| 001 | BRCA_7523 | ||
| 005 | 20190320205855.0 | ||
| 008 | 160513s1946----sp-a######---#000-0#spa-# | ||
| 041 | _aspa | ||
| 044 | _asp | ||
| 050 | 4 |
_aN7101 _b.A58 1946 |
|
| 245 | 1 | 0 | _aAntología del Arte Hispánico. |
| 260 |
_aBarcelona _bComtalia _c1946 |
||
| 300 |
_a578 p. _bil. a color, 7 láminas _c27 cm. |
||
| 500 | _aR73 | ||
| 504 | _aBibliografía p. 530-531 | ||
| 650 | 1 | 4 |
_aArte español _92063 |
| 650 | 1 | 4 |
_aArte _xHistoria _918561 |
| 902 | _aGFM | ||
| 942 |
_2lcc _cB |
||
| 999 |
_c7197 _d7197 |
||